Statystyki dla Sport Trivia - Holandia

Kliknij tutaj aby rozwiązać quiz!

Ogólne statystyki

  • Ten quiz został rozwiązany 22 razy
  • Średni wynik to 9 z 18

Statystyki odpowiedzi

PodpowiedźOdpowiedź% Poprawnych
Najbardziej utytułowany zespół piłkarskiAjax Amsterdam
100%
Na piłkarskich mistrzostwach świata Holandia zajęła 2 miejsce trzy razy. Podaj w którym roku Holandia zdobywała tytuł wicemistrza świata (wystarczy jedna data)1974/1978/2010
88%
2 kluby piłkarskie z Holandii wygrały piłkarską Ligę Mistrzów dokładnie 1 raz. Wymień jeden z nichPSV Eindhoven/Feyenoord Rotterdam
88%
Zdominowany przez holendrów sport zimowyŁyżwiarstwo szybkie
82%
Jedyny holenderski zwycięzca wyścigu oraz mistrz świata F1Max Verstappen
82%
W którym roku piłkarska reprezentacja mężczyzn wygrała Mistrzostwa Europy?1988
71%
W sezonie 2018/19 Ajax Amsterdam był kilkadziesiąt sekund od pierwszego od lat finału Ligi Mistrzów. Jaki zespół pokonał wtedy Holendrów?Tottenham
71%
Legendarny holenderski piłkarz grający m.in. w Barcelonie. Stadion w Amsterdamie jest nazwany jego imieniemJohan Cruijff
53%
O ile tysięcznych sekundy przegrał Koen Verweij ze Zbigniewem Bródką w pamiętnym finale IO 2014 w Soczi3
47%
W którym roku odbyły się letnie Igrzyska Olimpijskie w Amsterdamie?1928
41%
Sport zespołowy, w którym Holandia święci największe tryumfyHokej na trawie
35%
Kierowca F1, ojciec powyższegoJos Verstappen
29%
Jak nazywa się holenderski Związek Piłki Nożnej?KNVB
29%
Największy zespoł piłkarski północnej HolandiiFC Groningen
24%
Holenderska odmiana koszykówkiKorfball
18%
Z jakiego miasta pochodzi najstarszy zespół sportowy?Haarlem
12%
Jaki były holenderski piłkarz był ostatnio bohaterem skandalu na tle seksualnym?Marc Overmars
12%
Jedyna holenderska rekordzistka świata w lekkoatletyceSifan Hassan
6%

Rozkład punktacji

Percentyl według liczby udzielonych odpowiedzi

Procent ludzi z każdym wynikiem

Twoja historia wyników

Nie rozwiązałeś tego quizu